书目信息 |
| 题名: |
房屋建筑基本知识
|
|
| 作者: | ;清华大学建筑工程系 编 | |
| 分册: | ||
| 出版信息: | 北京 中国建筑工业出版社 1973 |
|
| 页数: | 228页 | |
| 开本: | 20cm | |
| 丛书名: | ||
| 单 册: | ||
| 中图分类: | TU8 | |
| 科图分类: | ||
| 主题词: | 房屋建筑设备 | |
| 电子资源: | ||
| ISBN: | ||
| 000 | 00606nam0 2200193 450 | |
| 001 | 0634373968 | |
| 005 | 20060516093437.45 | |
| 010 | @dCNY0.47 | |
| 100 | @a20060516d1973 km y0chiy0120 ea | |
| 101 | 0 | @achi |
| 102 | @aCN@b110000 | |
| 200 | 1 | @a房屋建筑基本知识@Afang wu jian zhu ji ben zhi shi@f清华大学建筑工程系编@Fqing hua da xue jian zhu gong cheng xi bian |
| 210 | @a北京@c中国建筑工业出版社@d1973 | |
| 215 | 1 | @a228页@d20cm |
| 606 | 0 | @a房屋建筑设备 |
| 690 | @aTU8@v4 | |
| 711 | 0 | @a清华大学建筑工程系@Aqing hua da xue jian zhu gong cheng xi@4编 |
| 801 | 0 | @aCN@bPFT@c20060516 |
| 905 | @a10447@dTU8@e2 | |
| 房屋建筑基本知识/清华大学建筑工程系编.-北京:中国建筑工业出版社,1973 |
| 228页;20cm |
| ISBN :CNY0.47 |
| ● |
| 相关链接 |
|
|
|
|
正题名:房屋建筑基本知识
索取号:TU8/2
 
预约/预借
| 序号 | 登录号 | 条形码 | 馆藏地/架位号 | 状态 | 备注 |
| 1 | 0017013 | 001481596 | 密集书库/ [索取号:TU8/2] | 在馆 |